000 00674nam a22001937a 4500
999 _c175969
_d175969
005 20201015160202.0
010 _aUR-10891
020 _c250.00
_a9789389733693
035 _aU-9446
037 _bDBAD/PUB
082 _a841
100 _aسا جد حسين ا نصا ری
245 _aا نتخا ب ظفر
_cسا جد حسين ا نصا ری
246 _bIntekhab-e-Zafar (Urdu)
_aby Sajid Husain Ansari
260 _aN.Delhi
_bEducational Publishing House
_c2020 ء
270 _aH.O.D1/16,Ansari Road,Darya ganj,
_bN.Delhi
_e110002
_k45678285,23216162
_l0091-11-23211540
300 _a186 ص
_c22 Cm(Hb)
942 _2ddc
_cUR
_h841
_mا ن ص